| 000 | 00961nas a2200301 4500 | ||
|---|---|---|---|
| 001 | BR2011007083 | ||
| 003 | BR-BrBNA | ||
| 005 | 20231205115727.0 | ||
| 007 | ta | ||
| 008 | 230509b bl.|||p| |||| 00| 00por d | ||
| 040 |
_aBR-BrBNA _bpor _cBiblioteca Nacional de Agricultura |
||
| 041 | _a(Pt) | ||
| 072 | _aF03 | ||
| 100 | 1 | _aNoldin, J.A. | |
| 100 | 1 | _aKnoblauch, R. | |
| 100 | 1 | _aMartins, G.N. | |
| 100 | 1 | _aPiva, C.A.D. | |
| 100 | 1 | _aSchioccher, M.A. | |
| 245 | 1 | _aQualidade de sementes de arroz irrigado utilizados em Santa Catarina no ano agrícola 2007/08 | |
| 246 | 1 | _aSeed quality of paddy rice in Santa Catarina state, Brazil, in the 2007/08 season | |
| 650 | _aARROZ IRRIGADO | ||
| 650 | _aORYZA SATIVA | ||
| 650 | _aSEMENTE | ||
| 650 | _aQUALIDADE | ||
| 773 | 0 |
_tAgropecuária Catarinense (Brazil) _xISSN 0103-0779 _g(Nov 2010), v. 23(3) p. 50-54 _wBR2011007083 |
|
| 909 |
_a202311 _bLúcia _c55 _dLúcia Elande |
||
| 942 |
_2AGRIS _n0 _cANA |
||
| 999 |
_c215407 _d215407 |
||